000 00361 a2200169 4500
001 184369
020 _a85-08-04470-4
040 _cMagnum
100 _aDimenstein, Gilberto
240 1 0 _aO cidadão de papel
_lpor
245 1 0 _aO cidadão de papel
300 _a157
362 0 _a1995
440 1 _aÁtica
697 _aLITERATURA JUVENIL
942 _cBK
999 _c184369
_d184369